[Event "Fuerstenfeld U18 op 5th"]
[Site "Fuerstenfeld"]
[Date "2022.07.22"]
[Round "3"]
[White "Horvath, Eszter1111"]
[Black "Ahlroos, Johan Hector"]
[Result "0-1"]
[WhiteElo "1559"]
[BlackElo "963"]
[PlyCount "102"]
[EventDate "2022.07.21"]
[EventType "swiss"]
[EventRounds "7"]
[EventCountry "AUT"]
[SourceTitle "CBM 209 Extra"]
[Source "ChessBase"]
[SourceDate "2022.09.30"]
[SourceVersion "1"]
[SourceVersionDate "2022.09.30"]
[SourceQuality "1"]

1. e4 d5 2. f3 e5 3. d4 Nc6 4. Be3 g6 5. Nc3 Nf6 6. Be2 Bg7 7. Qd2 0-0 8. 0-0-0 Be6 9. Kb1 a6 10. g3 Qd6 11. f4 Nxe4 12. Qd3 Nxc3+ 13. Qxc3 exd4 14. Bxd4 Bxd4 15. Rxd4 Nxd4 16. Qxd4 b6 17. Nf3 c5 18. Qf6 b5 19. h3 Rab8 20. g4 Rb6 21. f5 Bd7 22. Qh4 Kg7 23. f6+ Qxf6 24. Ng5 h6 25. Rf1 Qxg5 26. Qg3 Re6 27. h4 Qe5 28. Qd3 Qxe2 29. Qxe2 Rxe2 30. Rg1 Rfe8 31. Kc1 Re1+ 32. Rxe1 Rxe1+ 33. Kd2 Rh1 34. Ke3 Rxh4 35. Kf4 Rxg4+ 36. Ke5 Be6 37. Kd6 c4 38. Kc5 f5 39. Kd6 f4 40. Kxe6 f3 41. Kxd5 f2 42. Kc5 f1Q 43. Kb6 Rg5 44. Kxa6 Qe1 45. c3 b4 46. cxb4 Qxb4 47. a3 Qd6+ 48. Kb7 Re5 49. b4 Re7+ 50. Kc8 Qf6 51. Kd8 Qf8# 0-1